000
00256nam a22001097a 4500
082
_a
621.38800288 MAR'T
100
_a
MARKUS, JOHN
_9
56565
245
_a
TELEVION AND RADIO REPAIRING
260
_a
NEWYORK
_b
MCGRAW HILL
_c
1961
300
_a
568P
942
_c
BK
999
_c
585404
_d
585404